000 00593cam a2200193 4500500
005 20260405003837.0
041 _afre
042 _adc
100 1 0 _aDuru, Martin
_eauthor
245 0 0 _aSur "Confidences tunisiennes" : la chronique d’Arthur Dreyfus
260 _c2024.
500 _a35
690 _aArthur Dreyfus
690 _aLiberté
690 _aParole
690 _aTunisie
786 0 _nPhilosophie magazine | 179 | 5 | 2024-05-01 | p. 62-63 | 1951-1787
856 4 1 _uhttps://shs.cairn.info/magazine-philosophie-magazine-2024-5-page-62?lang=fr&redirect-ssocas=7080
999 _c2071360
_d2071360